Obscure Trivia #20 - Statistics

General Stats
  • This quiz has been taken 30 times
    7 since last reset
  • The average score is 4 of 20
Answer Stats
Question Answer % Correct
About how many times per minute does a ruby-throated hummingbird breathe while at rest? 250
50%
If you could drive a car to the nearest star, how long would it take you to reach it at 70 mph (113 kmh)? 356 billion years
50%
Bonomo Turkish Taffy isn’t really from Turkey. It isn’t really a taffy, either. What is it? A nougat
50%
The first known board game to be published in the U.S. was called … Travellers’ Tour Through the United States
50%
In 1936, the Soviet Union built a computer powered by … water
50%
How many different flavors of Froot Loops cereal are in a standard box in the U.S.? 1
25%
The town of Eclectic is located in which U.S. state? Alabama
25%
George Frandsen quit his corporate job to open a museum dedicated to … fossilized feces
25%
Depending on the species and method of preparation, this critter might taste like green apples, hot cinnamon candy, or iodine. Stink bug / shield bug
25%
Which statement about the planet Venus is true? Venus rotates in the opposite direction to the other planets.
25%
A group of wombats is sometimes called … a wisdom
0%
If you have an intense or irrational fear of this, you may suffer from haphephobia. Being touched
0%
United Kingdom : Anglo- :: Guinea : ? Guineo-
0%
Which country has the highest intentional homicide rate, at 53.3 per 100,000 inhabitants? Jamaica
0%
The English language demonym for someone from Mali is … Malian
0%
The longest recorded human pregnancy lasted … over 17 months
0%
The first Siamese cat in the U.S. was a gift sent by the American consul in Bangkok to which U.S. President and his wife? Rutherford B. Hayes
0%
In Blythe, California, it is illegal to … sell adhesive stickers to a minor
0%
If you have successfully delignated something, what have you done to it in plain language? Stripped it of wood
0%
canine : dog :: batrachian : ? toad
0%
No matching quizzes found
Score Distribution
Percent of People with Each Score
Percentile by Number Answered
Your Score History
You have not taken this quiz since the last reset